[Event "BIH-chT (Women) 13th"]
[Site "Prijedor"]
[Date "2015.09.07"]
[Round "3.2"]
[White "Petrovic, Marija"]
[Black "Nesic, Dragana"]
[Result "0-1"]
[WhiteElo "2064"]
[BlackElo "1843"]
[PlyCount "130"]
[EventDate "2015.09.05"]
[EventType "team-tourn"]
[EventRounds "3"]
[EventCountry "BIH"]
[SourceTitle "EXT 2016"]
[Source "ChessBase"]
[SourceDate "2015.10.08"]
[SourceVersion "1"]
[SourceVersionDate "2015.10.08"]
[SourceQuality "1"]
[WhiteTeam "Sarajevo Slavija (W)"]
[BlackTeam "Prijedor Rudar (W)"]
[WhiteTeamCountry "BIH"]
[BlackTeamCountry "BIH"]

1. Nf3 d5 2. b3 c6 3. Bb2 Bg4 4. Ne5 Bf5 5. d3 Nf6 6. Nd2 Nbd7 7. g3 e6 8. Bg2 Nxe5 9. Bxe5 Bc5 10. h3 Qb6 11. e3 0-0 12. Bxf6 gxf6 13. g4 Bg6 14. Qf3 Kg7 15. h4 h6 16. a3 Qa5 17. Ke2 Qc3 18. Ra2 a5 19. Qg3 Qe5 20. f4 Qd6 21. a4 Rg8 22. Bf3 Kf8 23. Qh2 Ke7 24. Raa1 Bb6 25. g5 fxg5 26. fxg5 Qc5 27. Qe5 hxg5 28. hxg5 Qxc2 29. d4 Qd3+ 30. Ke1 Qf5 31. Qxf5 Bxf5 32. Rg1 Rg7 33. Be2 Rag8 34. Nf3 Ke8 35. Kd2 Bd8 36. Bd3 Bxd3 37. Kxd3 Bxg5 38. Ra2 Bf6 39. Rxg7 Rxg7 40. Rh2 Rg3 41. Ke2 Ke7 42. Kf2 Rg4 43. Ke2 b6 44. Kd3 c5 45. Rc2 Kd6 46. Rf2 cxd4 47. exd4 Bg7 48. Rh2 Rg3 49. Ke2 f6 50. Kf2 Rg4 51. Rh5 e5 52. Ke3 Ke6 53. Rh2 e4 54. Nd2 f5 55. Nf1 f4+ 56. Ke2 Bxd4 57. Rh6+ Kf5 58. Rd6 Ke5 59. Rd8 Rg2+ 60. Kd1 Rg1 61. Re8+ Kd6 62. Ke1 f3 63. Rf8 Bc5 64. Rf7 Ke5 65. Rh7 Bb4+ 0-1

[Event "EU-Cup (Women) 18th"]
[Site "Rhodes"]
[Date "2013.10.23"]
[Round "4.5"]
[White "Novkovic, Julia"]
[Black "Nesic, Dragana"]
[Result "1/2-1/2"]
[WhiteElo "2105"]
[BlackElo "1842"]
[PlyCount "122"]
[EventDate "2013.10.20"]
[EventType "team-swiss"]
[EventRounds "7"]
[EventCountry "GRE"]
[SourceTitle "EXT 2014"]
[Source "ChessBase"]
[SourceDate "2013.11.20"]
[SourceVersion "1"]
[SourceVersionDate "2013.11.20"]
[SourceQuality "1"]
[WhiteTeam "Pamhagen (W)"]
[BlackTeam "Prijedor (W)"]
[WhiteTeamCountry "AUT"]
[BlackTeamCountry "BIH"]

1. e4 d6 2. d4 Nf6 3. Nc3 Nbd7 4. f4 e5 5. Nf3 exd4 6. Qxd4 c6 7. Bd2 Qb6 8. 0-0-0 Be7 9. h3 Qxd4 10. Nxd4 Nc5 11. Re1 Nh5 12. g4 Ng3 13. Rg1 Nxf1 14. Rexf1 0-0 15. Rf3 Bf6 16. Nde2 Re8 17. Re3 g6 18. Re1 b5 19. Ng3 Bd4 20. Rf3 a5 21. Nd1 Bb7 22. Be3 Bxe3+ 23. Rfxe3 b4 24. Nf2 Re7 25. g5 Ne6 26. Ne2 Ba6 27. Nd3 c5 28. h4 Bxd3 29. Rxd3 Rd8 30. Red1 Red7 31. f5 Nc7 32. c4 gxf5 33. exf5 d5 34. Ng3 Kf8 35. Nh5 Ke7 36. Nf6 Rd6 37. cxd5 h6 38. Ne4 Rxd5 39. Rxd5 Rxd5 40. Rxd5 Nxd5 41. gxh6 Kf8 42. Nxc5 Kg8 43. Ne4 Kh7 44. Ng5+ Kxh6 45. Nxf7+ Kh5 46. Kd2 Kxh4 47. Kd3 Kg4 48. Kd4 Nb6 49. Nd6 Kg5 50. b3 a4 51. Kc5 axb3 52. axb3 Nd7+ 53. Kxb4 Kf6 54. Kb5 Ke5 55. Kc6 Nb8+ 56. Kb7 Nd7 57. Kc7 Nc5 58. b4 Na6+ 59. Kd7 Nxb4 60. Ke7 Nc6+ 61. Kd7 Nd4 1/2-1/2

[Event "EU-Cup (Women) 18th"]
[Site "Rhodes"]
[Date "2013.10.22"]
[Round "3.4"]
[White "Nesic, Dragana"]
[Black "Lagno, Kateryna"]
[Result "0-1"]
[WhiteElo "1842"]
[BlackElo "2534"]
[PlyCount "54"]
[EventDate "2013.10.20"]
[EventType "team-swiss"]
[EventRounds "7"]
[EventCountry "GRE"]
[SourceTitle "EXT 2014"]
[Source "ChessBase"]
[SourceDate "2013.11.20"]
[SourceVersion "1"]
[SourceVersionDate "2013.11.20"]
[SourceQuality "1"]
[WhiteTeam "Prijedor (W)"]
[BlackTeam "Iasi (W)"]
[WhiteTeamCountry "BIH"]
[BlackTeamCountry "ROU"]

1. e4 d6 2. d4 g6 3. Nf3 Nf6 4. Bd3 Bg7 5. h3 0-0 6. 0-0 Nc6 7. c3 e5 8. dxe5 dxe5 9. Be3 Nh5 10. Bb5 Bd7 11. Nfd2 Nf4 12. Re1 Bxh3 13. Bxf4 exf4 14. gxh3 Qg5+ 15. Kh2 Qxb5 16. Nb3 Rad8 17. Qe2 Qxe2 18. Rxe2 Rd1 19. N1d2 Rxa1 20. Nxa1 Rd8 21. Nc2 Ne5 22. Ne1 b5 23. Kg2 c5 24. Nb3 c4 25. Rd2 Rd7 26. Rxd7 Nxd7 27. Nd4 a6 0-1

[Event "BIH-chT (Women) 11th"]
[Site "Jahorina"]
[Date "2012.06.06"]
[Round "5.1"]
[White "Popadic, Mirjana"]
[Black "Nesic, Dragana"]
[Result "1/2-1/2"]
[WhiteElo "1572"]
[BlackElo "1833"]
[PlyCount "45"]
[EventDate "2012.06.02"]
[EventType "team-tourn"]
[EventRounds "5"]
[EventCountry "BIH"]
[SourceTitle "CBM 148 Extra"]
[Source "ChessBase"]
[SourceDate "2012.06.22"]
[SourceVersion "1"]
[SourceVersionDate "2012.06.22"]
[SourceQuality "1"]
[WhiteTeam "Bileca (W)"]
[BlackTeam "Obudovac (W)"]
[WhiteTeamCountry "BIH"]
[BlackTeamCountry "BIH"]

1. d4 d5 2. Nf3 Nf6 3. g3 Bf5 4. Bg2 e6 5. 0-0 Be7 6. Nbd2 Nbd7 7. c4 dxc4 8. Nxc4 c6 9. Nfe5 0-0 10. Qb3 Nb6 11. Rd1 Be4 12. Na5 Bxg2 13. Kxg2 Qc7 14. Qf3 Rad8 15. e4 c5 16. Bf4 Bd6 17. Nxf7 Qxf7 18. Bxd6 Rxd6 19. e5 Rd5 20. exf6 Qxf6 21. Qxf6 gxf6 22. Nxb7 Rc8 23. Rac1 1/2-1/2

[Event "BIH-chT (Women)"]
[Site "Neum"]
[Date "2011.06.04"]
[Round "1.3"]
[White "Nesic, Dragana"]
[Black "Dedijer, Mira"]
[Result "1/2-1/2"]
[WhiteElo "1838"]
[BlackElo "1968"]
[PlyCount "101"]
[EventDate "2011.06.04"]
[EventType "team-tourn"]
[EventRounds "5"]
[EventCountry "BIH"]
[SourceTitle "CBM 142 Extra"]
[Source "ChessBase"]
[SourceDate "2011.06.27"]
[SourceVersion "1"]
[SourceVersionDate "2011.06.27"]
[SourceQuality "1"]
[WhiteTeam "Obudovac (W)"]
[BlackTeam "Sarajevo Slavija (W)"]
[WhiteTeamCountry "BIH"]
[BlackTeamCountry "BIH"]

1. e4 e5 2. Nf3 Nc6 3. Bc4 Bc5 4. 0-0 Nf6 5. d3 0-0 6. c3 d6 7. Nbd2 a6 8. a4 Bg4 9. Re1 Qd7 10. h3 Be6 11. Bb3 h6 12. Nc4 b5 13. Ncd2 Rfe8 14. Bc2 Rad8 15. Nb3 Bb6 16. axb5 axb5 17. Be3 Bxe3 18. fxe3 Ra8 19. Nfd2 b4 20. d4 Bxb3 21. Bxb3 bxc3 22. bxc3 Na5 23. Ba4 c6 24. Qc2 Qc7 25. c4 Reb8 26. c5 dxc5 27. Qxc5 Nd7 28. Qc3 Nb6 29. Bc2 Nd7 30. Rec1 Rc8 31. Bd3 Ra7 32. Ra4 Kh8 33. Rca1 Rca8 34. Nf3 f6 35. Nh4 Nf8 36. Nf5 Kh7 37. Qa3 g6 38. Nd6 Ne6 39. dxe5 fxe5 40. Ne8 Qd8 41. Qc3 Qxe8 42. Rxa5 Rxa5 43. Rxa5 Rxa5 44. Qxa5 Qb8 45. Qa3 Qc7 46. h4 Kg7 47. Bc4 Nd8 48. Qc5 Nf7 49. Bd5 Nd8 50. Bc4 Nf7 51. Bd5 1/2-1/2

[Event "EU-ch U16 Girls 18th"]
[Site "Herceg Novi"]
[Date "2008.09.15"]
[Round "1"]
[White "Nesic, Dragana"]
[Black "Gorozhankina, Julia"]
[Result "1/2-1/2"]
[WhiteElo "1873"]
[BlackElo "2094"]
[PlyCount "79"]
[EventDate "2008.09.15"]
[EventType "swiss"]
[EventRounds "9"]
[EventCountry "MNE"]
[SourceTitle "CBM 126 Extra"]
[Source "ChessBase"]
[SourceDate "2008.11.05"]
[SourceVersion "1"]
[SourceVersionDate "2008.11.05"]
[SourceQuality "1"]

1. e4 d6 2. d4 Nf6 3. Bd3 e5 4. d5 Be7 5. Ne2 0-0 6. 0-0 Nbd7 7. c4 Nc5 8. Nbc3 c6 9. b4 Nxd3 10. Qxd3 Bg4 11. Ng3 Re8 12. Be3 h5 13. h3 Bd7 14. Rfd1 Qc8 15. Rac1 h4 16. Nf1 Nh7 17. dxc6 bxc6 18. c5 Be6 19. cxd6 Rd8 20. Bc5 Qb8 21. Qa6 Bxd6 22. Qxc6 Bxc5 23. Rxd8+ Qxd8 24. Qxc5 Qg5 25. Qe3 Rc8 26. Qxg5 Nxg5 27. Nd2 Rd8 28. Rc2 f6 29. a4 Rd4 30. Rb2 Bxh3 31. Nb5 Rd7 32. gxh3 a6 33. Nc3 Rxd2 34. Rxd2 Nf3+ 35. Kg2 Nxd2 36. b5 axb5 37. axb5 Nc4 38. Na4 Nd6 39. b6 Nb7 40. Nc3 1/2-1/2

[Event "BIH-chT (Women)"]
[Site "Neum"]
[Date "2008.06.08"]
[Round "5"]
[White "Vujic Katanic, Branka"]
[Black "Nesic, Dragana"]
[Result "1-0"]
[WhiteElo "2104"]
[BlackElo "1884"]
[PlyCount "51"]
[EventDate "2008.06.04"]
[EventType "team"]
[EventRounds "7"]
[EventCountry "BIH"]
[SourceTitle "CBM 124 Extra"]
[Source "ChessBase"]
[SourceDate "2008.07.03"]
[SourceVersion "1"]
[SourceVersionDate "2008.07.03"]
[SourceQuality "1"]

1. Nf3 Nf6 2. c4 e6 3. g3 d5 4. Bg2 c5 5. 0-0 Nc6 6. cxd5 exd5 7. d4 c4 8. b3 b5 9. a4 Na5 10. bxc4 bxc4 11. Bg5 Nb3 12. Ra2 Be7 13. Ne5 h6 14. Bxf6 Bxf6 15. Nxc4 Nxd4 16. Ne3 Ba6 17. Nxd5 Bc4 18. Nxf6+ Qxf6 19. Bxa8 Bxa2 20. e3 0-0 21. Bg2 Nf5 22. Qd2 Bb3 23. Qb4 Qb6 24. Qf4 Qa5 25. Bc6 Rb8 26. Qxb8+ 1-0

[Event "BIH-chT (Women)"]
[Site "Neum"]
[Date "2008.06.06"]
[Round "3"]
[White "Petrovic, Ana"]
[Black "Nesic, Dragana"]
[Result "0-1"]
[WhiteElo "2068"]
[BlackElo "1884"]
[PlyCount "52"]
[EventDate "2008.06.04"]
[EventType "team"]
[EventRounds "7"]
[EventCountry "BIH"]
[SourceTitle "CBM 124 Extra"]
[Source "ChessBase"]
[SourceDate "2008.07.03"]
[SourceVersion "1"]
[SourceVersionDate "2008.07.03"]
[SourceQuality "1"]

1. e4 d5 2. e5 Bf5 3. d4 e6 4. Nf3 a6 5. Be2 c5 6. c3 Nc6 7. Qb3 cxd4 8. Nxd4 Nxd4 9. cxd4 Rc8 10. 0-0 Qd7 11. Nc3 Ne7 12. Be3 Nc6 13. Rac1 Na5 14. Qa4 Nc6 15. a3 Nb8 16. Qb3 Be7 17. Na4 Rc6 18. Nb6 Qd8 19. Na8 Qd7 20. Nb6 Qd8 21. Na8 Qd7 22. Rxc6 Nxc6 23. Rc1 0-0 24. Nb6 Qd8 25. Bxa6 Bg5 26. Bxb7 Na5 0-1

[Event "Busevec op U20 Girls"]
[Site "Busevec"]
[Date "2008.05.03"]
[Round "6"]
[White "Ivekovic, Ana"]
[Black "Nesic, Dragana"]
[Result "1/2-1/2"]
[WhiteElo "1831"]
[BlackElo "1884"]
[PlyCount "45"]
[EventDate "2008.05.01"]
[EventType "swiss"]
[EventRounds "7"]
[EventCountry "CRO"]
[SourceTitle "EXT 2009"]
[Source "ChessBase"]
[SourceDate "2008.11.26"]
[SourceVersion "1"]
[SourceVersionDate "2008.11.26"]
[SourceQuality "1"]

1. e4 d5 2. exd5 Qxd5 3. Nc3 Qa5 4. d4 c6 5. g3 Nf6 6. Bg2 e6 7. Nf3 Bb4 8. Bd2 Nd5 9. Nxd5 Bxd2+ 10. Qxd2 Qxd2+ 11. Nxd2 exd5 12. 0-0 Be6 13. Rfe1 0-0 14. Rac1 Nd7 15. b3 Rfd8 16. f4 Rac8 17. Nf3 h6 18. Nh4 Nf6 19. f5 Bd7 20. Bf3 Re8 21. g4 Rxe1+ 22. Rxe1 Re8 23. Rxe8+ 1/2-1/2

[Event "Busevec op U20 Girls"]
[Site "Busevec"]
[Date "2008.05.01"]
[Round "2"]
[White "Popovic, Bojana"]
[Black "Nesic, Dragana"]
[Result "1/2-1/2"]
[WhiteElo "1857"]
[BlackElo "1884"]
[PlyCount "76"]
[EventDate "2008.05.01"]
[EventType "swiss"]
[EventRounds "7"]
[EventCountry "CRO"]
[SourceTitle "EXT 2009"]
[Source "ChessBase"]
[SourceDate "2008.11.26"]
[SourceVersion "1"]
[SourceVersionDate "2008.11.26"]
[SourceQuality "1"]

1. c4 e5 2. Nc3 Nc6 3. Nf3 g6 4. d3 Bg7 5. g3 d6 6. Bg2 Nge7 7. Bd2 0-0 8. Qc1 Bd7 9. Bh6 Qc8 10. h4 Bg4 11. Bxg7 Kxg7 12. Nh2 Bh3 13. Kf1 Nd4 14. Nf3 Bxg2+ 15. Kxg2 Nxf3 16. exf3 h5 17. Qd1 Rh8 18. g4 hxg4 19. fxg4 f5 20. f3 Qe6 21. Qe2 Raf8 22. Raf1 fxg4 23. fxg4 Rxf1 24. Kxf1 Qf6+ 25. Qf2 Rf8 26. Qxf6+ Rxf6+ 27. Kg2 a6 28. Rf1 Rxf1 29. Kxf1 Kf7 30. Ke2 Ke6 31. Ke3 c5 32. a3 Nc6 33. h5 gxh5 34. gxh5 Ne7 35. Ne4 Nf5+ 36. Kf3 Nh6 37. Nf2 Kf5 38. Ne4 Ke6 1/2-1/2

[Event "BIH-ch (Women)"]
[Site "Ilidza"]
[Date "2008.02.01"]
[Round "1"]
[White "Nesic, Dragana"]
[Black "Boric, Masa"]
[Result "1/2-1/2"]
[WhiteElo "1884"]
[BlackElo "1649"]
[PlyCount "27"]
[EventDate "2008.02.01"]
[EventType "tourn"]
[EventRounds "9"]
[EventCountry "BIH"]
[SourceTitle "CBM 122 Extra"]
[Source "ChessBase"]
[SourceDate "2008.03.04"]
[SourceVersion "1"]
[SourceVersionDate "2008.03.04"]
[SourceQuality "1"]

1. e4 d5 2. exd5 Qxd5 3. Nc3 Qd6 4. d4 Nf6 5. Nf3 Bf5 6. Bc4 e6 7. Ne5 Nbd7 8. Nb5 Qb6 9. 0-0 c6 10. Nxd7 Nxd7 11. Nc3 Bd6 12. Ne2 0-0 13. Bd3 Bxd3 14. Qxd3 1/2-1/2

[Event "Novi Becej op 25th"]
[Site "Novi Becej"]
[Date "2007.06.13"]
[Round "5"]
[White "Nesic, Dragana"]
[Black "Ruzicic, Sinisa"]
[Result "0-1"]
[WhiteElo "1891"]
[BlackElo "2075"]
[PlyCount "36"]
[EventDate "2007.06.09"]
[EventType "swiss"]
[EventRounds "9"]
[EventCountry "YUG"]
[SourceTitle "CBM 118 Extra"]
[Source "ChessBase"]
[SourceDate "2007.07.04"]
[SourceVersion "1"]
[SourceVersionDate "2007.07.04"]
[SourceQuality "1"]

1. e4 d5 2. exd5 Nf6 3. Nc3 Nxd5 4. Nxd5 Qxd5 5. d4 Nc6 6. Be3 e5 7. dxe5 Qxe5 8. Qe2 Be6 9. c3 0-0-0 10. Nf3 Qf5 11. h3 h5 12. h4 Be7 13. Bd4 Nxd4 14. Nxd4 Rxd4 15. cxd4 Bb4+ 16. Kd1 Rd8 17. Qc2 Rxd4+ 18. Kc1 Qf4+ 0-1

[Event "Novi Becej op 25th"]
[Site "Novi Becej"]
[Date "2007.06.11"]
[Round "3"]
[White "Nesic, Dragana"]
[Black "Marholev, Dimitar"]
[Result "0-1"]
[WhiteElo "1891"]
[BlackElo "2375"]
[PlyCount "76"]
[EventDate "2007.06.09"]
[EventType "swiss"]
[EventRounds "9"]
[EventCountry "YUG"]
[SourceTitle "CBM 118 Extra"]
[Source "ChessBase"]
[SourceDate "2007.07.04"]
[SourceVersion "1"]
[SourceVersionDate "2007.07.04"]
[SourceQuality "1"]

1. e4 e5 2. Nf3 Nc6 3. Bb5 g6 4. 0-0 Bg7 5. c3 a6 6. Ba4 d6 7. Re1 Bd7 8. d4 Nge7 9. d5 Nb8 10. Bxd7+ Nxd7 11. Nbd2 h6 12. Nf1 0-0 13. Ng3 f5 14. exf5 gxf5 15. Nh5 Nf6 16. Nxg7 Kxg7 17. c4 Ng6 18. h4 Ng4 19. g3 Qf6 20. Nh2 Nxh2 21. Kxh2 f4 22. h5 fxg3+ 23. fxg3 Qf2+ 24. Kh3 Qf5+ 25. Qg4 Qxg4+ 26. Kxg4 Ne7 27. Be3 Nf5 28. Bg1 Kf6 29. Re4 b5 30. Rc1 Kf7 31. cxb5 Rg8+ 32. Kh3 Rxg3+ 33. Kh2 axb5 34. Rxc7+ Ke8 35. Rb7 Rg5 36. Rxb5 Rxh5+ 37. Kg2 Rg5+ 38. Kf2 Nd4 0-1

[Event "BIH-chT (Women)"]
[Site "Vogosca"]
[Date "2007.06.07"]
[Round "6"]
[White "Nesic, Dragana"]
[Black "Hadziselimovic, Bernardina"]
[Result "1/2-1/2"]
[WhiteElo "1891"]
[BlackElo "1757"]
[PlyCount "61"]
[EventDate "2007.06.02"]
[EventType "team"]
[EventRounds "7"]
[EventCountry "BIH"]
[SourceTitle "EXT 2008"]
[Source "ChessBase"]
[SourceDate "2007.11.25"]
[SourceVersion "1"]
[SourceVersionDate "2007.11.25"]
[SourceQuality "1"]

1. e4 c5 2. Nf3 Nc6 3. d4 cxd4 4. Nxd4 Nf6 5. Nc3 d6 6. Bc4 e6 7. Be3 Be7 8. 0-0 0-0 9. Nb3 a6 10. a4 Nb4 11. a5 Bd7 12. Be2 Bc6 13. Bf3 d5 14. Bb6 Qb8 15. exd5 Nbxd5 16. Nxd5 Bxd5 17. Nc5 Qc8 18. Bxd5 Nxd5 19. Na4 Qc6 20. c3 Nxb6 21. Nxb6 Rad8 22. Qa4 Qxa4 23. Nxa4 Rd2 24. Rad1 Rfd8 25. Rxd2 Rxd2 26. f3 f5 27. Rf2 Rd1+ 28. Rf1 Rd2 29. Rf2 Rd1+ 30. Rf1 Rd2 31. Rf2 1/2-1/2

[Event "BIH-chT (Women)"]
[Site "Vogosca"]
[Date "2007.06.03"]
[Round "2"]
[White "Slijepcevic, Ranka"]
[Black "Nesic, Dragana"]
[Result "1/2-1/2"]
[WhiteElo "1867"]
[BlackElo "1891"]
[PlyCount "96"]
[EventDate "2007.06.02"]
[EventType "team"]
[EventRounds "7"]
[EventCountry "BIH"]
[SourceTitle "EXT 2008"]
[Source "ChessBase"]
[SourceDate "2007.11.25"]
[SourceVersion "1"]
[SourceVersionDate "2007.11.25"]
[SourceQuality "1"]

1. d4 Nf6 2. c4 e6 3. Nf3 Bb4+ 4. Bd2 Bxd2+ 5. Nbxd2 d5 6. e3 Nbd7 7. Rc1 0-0 8. Bd3 c6 9. 0-0 Re8 10. Bb1 Nf8 11. Ne5 N6d7 12. Ndf3 f6 13. Nxd7 Qxd7 14. Re1 Qf7 15. Nd2 e5 16. dxe5 fxe5 17. Qf3 Be6 18. cxd5 Bxd5 19. Qxf7+ Kxf7 20. e4 Be6 21. Nf3 Kf6 22. h3 g5 23. Nh2 Rad8 24. Rcd1 Ng6 25. a3 Bb3 26. Ng4+ Ke6 27. Rd3 Rxd3 28. Bxd3 Rd8 29. Re3 Ba2 30. g3 c5 31. Bc2 c4 32. Rc3 b5 33. Ne3 Ne7 34. Kf1 a5 35. b3 Bxb3 36. Bxb3 cxb3 37. Rxb3 Rb8 38. Ke2 Nc6 39. Kd3 Nd4 40. Rb2 Kd6 41. Nf5+ Nxf5 42. exf5 Kd5 43. f3 h5 44. g4 h4 45. Kc3 Kc5 46. Kd3 Kd5 47. Kc3 Kc5 48. Kd3 Kd5 1/2-1/2

[Event "BIH-chT (Women)"]
[Site "Vogosca"]
[Date "2007.06.02"]
[Round "1"]
[White "Nesic, Dragana"]
[Black "Dengler, Dijana"]
[Result "0-1"]
[WhiteElo "1891"]
[BlackElo "2101"]
[PlyCount "64"]
[EventDate "2007.06.02"]
[EventType "team"]
[EventRounds "7"]
[EventCountry "BIH"]
[SourceTitle "EXT 2008"]
[Source "ChessBase"]
[SourceDate "2007.11.25"]
[SourceVersion "1"]
[SourceVersionDate "2007.11.25"]
[SourceQuality "1"]

1. e4 e6 2. d4 d5 3. e5 c5 4. c3 Nc6 5. Nf3 Qb6 6. Bd3 Bd7 7. Bc2 cxd4 8. cxd4 Nb4 9. Nc3 Nxc2+ 10. Qxc2 Rc8 11. Qd3 Bb4 12. Bd2 Ne7 13. Rb1 a6 14. 0-0 Nf5 15. Rfc1 0-0 16. h3 h6 17. Be1 Qa7 18. Rc2 Ba5 19. Rbc1 Bb6 20. Rd1 Rc7 21. Rcd2 Rfc8 22. Qb1 Ba5 23. Rd3 Bb6 24. R1d2 Ba5 25. Rd1 Bb6 26. R1d2 Rc4 27. Qd1 Ba5 28. Rc2 b5 29. b3 R4c6 30. a3 Bb6 31. g4 Ne7 32. Rcd2 Rxc3 0-1